00331pab a2200133 454500008004000000100001700040245003100057260000900088300001600097362001100113650002000124700001900144773003400163180718b2007 xxu||||| |||| 00| 0 eng d aDutt, Gautam aCoping with climate change c2007 ap.4239-250. a20 Oct aClimatic change aGaioli, Fabian aEconomic and Political Weekly